Drużyna TOTY w FIFA 14 - Statystyki

Ogólne statystyki
  • Ten quiz został rozwiązany 2 070 razy
  • Średni wynik to 8 z 11
Statystyki odpowiedzi
Hint Odpowiedź % Poprawnych
CF Lionel Messi
100%
LW Cristiano Ronaldo
99%
CB Sergio Ramos
91%
CM Andres Iniesta
83%
GK Manuel Neuer
80%
CM Xavi Hernandez
75%
RB Dani Alves
60%
RB Phillipp Lahm
58%
LM Frank Ribery
49%
ST Zlatan Ibrahimovic
47%
CB Thiago Silva
41%
Nie znaleziono quizów pasujących do podanych kryteriów
Rozkład punktacji
Procent ludzi z każdym wynikiem
Percentyl według liczby udzielonych odpowiedzi
Twoja historia wyników
Nie rozwiązałeś tego quizu